| 000 | 00636nam a2200253 a 4500 | ||
|---|---|---|---|
| 001 | nice12345678 | ||
| 003 | IN_TiNIC | ||
| 005 | 20260116012841.0 | ||
| 008 | 050524s1993 shia grp 000 0 eng | ||
| 020 |
_a8185952 _c30 |
||
| 082 | 0 | 0 |
_a211.6 _bBHA1 |
| 100 | _aBharucha, Rustom | ||
| 245 |
_aQuestion of Faith _b Tracts for the Times/3 |
||
| 260 |
_aShimla _bIndian Institute _c1993 |
||
| 300 | _a94p | ||
| 500 | _aincludes index and biblioraphy | ||
| 505 | 2 | _aIndex | |
| 650 | _aSecularism-India | ||
| 650 | _aIndia-Communalism | ||
| 700 | 1 | _aBharucha, Rustom | |
| 902 | _bSRS | ||
| 942 | _cBK | ||
| 999 |
_c8639 _d8639 |
||